Экономическое сотрудничество России и Вьетнама в нефтегазовой сфере; Проблемы геологии и освоения недр; Т. 2

Detaylı Bibliyografya
Parent link:Проблемы геологии и освоения недр: труды XVII Международного симпозиума имени академика М. А. Усова студентов и молодых ученых, Томск, 1-5 апреля 2013 г./ Национальный исследовательский Томский политехнический университет (ТПУ), Институт природных ресурсов (ИПР) ; Общество инженеров-нефтяников, Студенческий чаптер ; под ред. А. Ю. Дмитриева.— , 2013
Т. 2.— 2013.— [С. 762-765]
Yazar: Фам Минь Кыонг
Müşterek Yazar: Национальный исследовательский Томский политехнический университет (ТПУ) Институт природных ресурсов (ИПР) Кафедра экономики природных ресурсов (ЭПР)
Diğer Yazarlar: Глызина Т. С. Татьяна Святославовна (научный руководитель)
Özet:Заглавие с экрана
Dil:Rusça
Baskı/Yayın Bilgisi: 2013
Seri Bilgileri:Экономика минерального и углеводородного сырья. Горное право
Konular:
Online Erişim:http://www.lib.tpu.ru/fulltext/c/2013/C11/V2/373.pdf
Materyal Türü: MixedMaterials Elektronik Kitap Bölümü
KOHA link:https://koha.lib.tpu.ru/cgi-bin/koha/opac-detail.pl?biblionumber=605423

MARC

LEADER 00000naa2a2200000 4500
001 605423
005 20260227161819.0
035 |a (RuTPU)RU\TPU\conf\2725 
035 |a RU\TPU\conf\2688 
090 |a 605423 
100 |a 20140413d2013 k y0rusy50 ca 
101 0 |a rus 
102 |a RU 
135 |a arnn ---uucaa 
181 0 |a i  
182 0 |a b 
200 1 |a Экономическое сотрудничество России и Вьетнама в нефтегазовой сфере  |f Фам Минь Кыонг  |g науч. рук. Т. С. Глызина 
203 |a Текст  |c электронный 
225 1 |a Экономика минерального и углеводородного сырья. Горное право 
300 |a Заглавие с экрана 
320 |a [Библиогр.: с. 765 (8 назв.)] 
337 |a Adobe Reader 
461 1 |0 (RuTPU)RU\TPU\conf\37  |t Проблемы геологии и освоения недр  |o труды XVII Международного симпозиума имени академика М. А. Усова студентов и молодых ученых, Томск, 1-5 апреля 2013 г.  |o в 2 т.  |f Национальный исследовательский Томский политехнический университет (ТПУ), Институт природных ресурсов (ИПР) ; Общество инженеров-нефтяников, Студенческий чаптер ; под ред. А. Ю. Дмитриева  |d 2013 
463 1 |0 (RuTPU)RU\TPU\conf\39  |t Т. 2  |v [С. 762-765]  |d 2013 
610 1 |a труды учёных ТПУ 
610 1 |a электронный ресурс 
610 1 |a экономическое сотрудничество 
610 1 |a Россия 
610 1 |a Вьетнам 
610 1 |a нефть 
610 1 |a нефтегазовая отрасль 
610 1 |a добыча 
700 0 |a Фам Минь Кыонг 
702 1 |a Глызина  |b Т. С.  |c специалист в области анализа минерального сырья электрохимическими методами  |c инженер-исследователь лаборатории геологии золота Томского политехнического университета, кандидат химических наук  |f 1975-  |g Татьяна Святославовна  |4 727 
712 0 2 |a Национальный исследовательский Томский политехнический университет (ТПУ)  |b Институт природных ресурсов (ИПР)  |b Кафедра экономики природных ресурсов (ЭПР)  |3 (RuTPU)RU\TPU\col\18668 
801 2 |a RU  |b 63413507  |c 20230316  |g RCR 
856 4 |u http://www.lib.tpu.ru/fulltext/c/2013/C11/V2/373.pdf 
942 |c CF